| 000 | 00685cab a2200241 4500 | ||
|---|---|---|---|
| 001 | X98186 | ||
| 008 | 090401t1999 xxu||||| |||| 00| 0 eng d | ||
| 035 | _a(Sirsi) u92893 | ||
| 041 | _aeng | ||
| 245 | _aI`m Your Man Ltd v SoS Environment | ||
| 260 | _c1999 | ||
| 350 | _a0 | ||
| 490 |
_aProperty, Planning and Compensation Reports _v[1999] 77 P&CR 3, 251-262(12) |
||
| 650 | _aCESSATION | ||
| 650 | _aCONDITIONS | ||
| 650 | _aI`M YOUR MAN LTD V SOS ENVIRONMENT | ||
| 650 | _aMATERIAL CHANGE OF USE | ||
| 650 | _aPLANNING PERMISSION | ||
| 650 | _aTOWN AND COUNTRY PLANNING ACT 1990 | ||
| 690 | _aPLANNING LAW AND PRACTICE-CASE LAW | ||
| 942 | _n0 | ||
| 948 | _c21/04/1999 | ||
| 999 |
_c58880 _d58880 |
||